000 00561nam a22002057a 4500
003 Ost
005 20260407075350.0
008 260407b |||||||| |||| 00| 0 eng d
020 _a9789355421821
040 _cBT-PhCST
050 _a25857-25858
082 _222
_a004.6
_bBRI
100 _a Brikman, Yevgeniy.
245 _aTerraform up & running :
_bwriting infrastructure as code /
250 _a3rd ed.
260 _aIndia :
_bO'Reilly Media,
_cc2022.
300 _axxiii, 432 p. :
_bill. ;
_c23 cm.
500 _aIncludes index.
942 _2ddc
_cSE
999 _c10233
_d10233